00509nam a2200193 a 4500001001300000003000900013005001700022008004100039020001000080082001500090100003200105245001800137260003700155300001000192500003500202505002300237650002300260700003200283nice12345678IN_TiNIC20260116011323.0050524s1967 hyda grp 000 0 urd  ac10000a297.1bNAD aNadwi Shah Moinuddin, Ahmad aDeen-E-Rahmat aHyderabadbDairatul Maarifc1967 a322p. aincludes index and biblioraphy2 aIndex to the notes aIslam-Meccan Trade1 aNadwi Shah Moinuddin, Ahmad